CD Castellón Squad 2025-2026 - Statistics

General Stats
  • This quiz has been taken 7 times
    3 since last reset
  • The average score is 21 of 30
Answer Stats
# Position Nation Player % Correct
4 DF Argentina Agustín Sienra
100%
21 MF Spain Álex Calatrava
100%
23 FW Spain Álvaro García
100%
16 FW DR Congo Brian Cipenga
100%
8 MF Spain Diego Barri
100%
10 MF Spain Israel Suero
100%
22 DF France Jérémy Mellot
100%
6 MF France Marc-Olivier Doué
100%
9 FW Guinea Ousmane Camara
100%
- Coach Spain Pablo Hernández
100%
13 GK Belgium Romain Matthys
100%
25 MF Brazil Ronaldo
100%
19 FW Denmark Adam Jakobsen
67%
5 DF Spain Alberto Jiménez
67%
1 GK Iran Amir Abedzadeh
67%
7 FW Australia Awer Mabil
67%
15 MF Spain Beñat Gerenabarrena
67%
3 DF Italy Fabrizio Brignani
67%
12 DF Spain Lucas Alcázar
67%
14 DF Spain Óscar Gil
67%
18 FW Spain Pablo Santiago
67%
14 FW Spain Raúl Sánchez
67%
11 FW Brazil Douglas Aurélio
33%
- Coach Netherlands Johan Plat
33%
23 FW Nigeria Kenneth Mamah
33%
20 FW United States Nick Markanich
33%
17 DF Spain Salva Ruiz
33%
24 FW Spain Serpeta
33%
26 DF Spain Tincho Conde
33%
29 FW Italy Tommaso De Nipoti
33%
No matching quizzes found
Score Distribution
Percent of People with Each Score
Percentile by Number Answered
Your Score History
You have not taken this quiz since the last reset